| 000 | 004500000a22001690004500 | ||
|---|---|---|---|
| 001 | 003809 | ||
| 003 | MACL | ||
| 005 | 20150703122536.0 | ||
| 008 | 150703b xxu||||| |||| 00| 0 eng d | ||
| 040 |
_aMACL _cmacl |
||
| 100 |
_aMukherjee, Dr. Jayanti _9433 |
||
| 245 |
_aThe Truth of Life _bBarindra Kumar Ghosh _cDr. Jayanti Mukherjee |
||
| 260 |
_aSri Autobindo Samiti, _c2004 |
||
| 350 | _a20 | ||
| 650 |
_aSocial Science _929 |
||
| 942 |
_k300 _cBK _2ddc |
||
| 999 |
_c15702 _d15702 |
||